| 000 | 00583nam a2200205Ia 4500 | ||
|---|---|---|---|
| 003 | GCL | ||
| 008 | 140319s9999 xx 000 0 eng d | ||
| 020 | _a9774249577 | ||
| 040 |
_aGCL / _cGCL |
||
| 082 | 0 | 4 |
_aC C _b932 _bD C |
| 100 | 1 | _aDODSON, AIDAN | |
| 245 | 1 | 0 |
_aTHE COMPLETE ROYAL FAMILIES OF ANCIENT EGYPT / _cDODSON, AIDAN |
| 700 | 1 | _aHILTON, DYAN | |
| 260 |
_aالقاهرة : _bTHE AMERICAN UNIVERSITY IN CAIRO PRESS ، _c2005 |
||
| 300 |
_a30 CM ؛ _c320 P |
||
| 650 | 0 | 4 | _aANCIENT EGYPT |
| 650 | 0 | 4 | _aANCIENT - FAMILY |
| 650 | 0 | 4 | _aANCIENT - HISTORY |
| 942 |
_2ddc _cBK |
||
| 999 |
_c7506 _d7506 |
||